Química computacional de los alimentos : (Registro nro. 63063)

Detalles MARC
000 -LEADER
campo de control de longitud fija 01914cam a22003374i 4500
003 - IDENTIFICADOR DE NÚMERO DE CONTROL
campo de control PE-LiUPU
005 - FECHA Y HORA DE LA ÚLTIMA TRANSACCIÓN
campo de control 20250923122953.0
008 - DATOS DE LONGITUD FIJA--INFORMACIÓN GENERAL
campo de control de longitud fija 2021xxxxes pe a rb 000 0 spa d
020 ## - NÚMERO INTERNACIONAL ESTÁNDAR DEL LIBRO
Número Internacional Estándar del Libro 9788420012612
035 ## - NÚMERO DE CONTROL DEL SISTEMA
Número de control de sistema PE-LiUPU000020
040 ## - FUENTE DE CATALOGACIÓN
Centro catalogador/agencia de origen PE-LiUPU
Lengua de catalogación spa
Centro/agencia transcriptor PE-LiUPU
Normas de descripción rda
082 04 - NÚMERO DE LA CLASIFICACIÓN DECIMAL DEWEY
Número de clasificación 664.07
Cutter R741q
Número de edición 23
100 ## - ENTRADA PRINCIPAL--NOMBRE DE PERSONA
Nombre de persona Rojas, Cristian,
Término indicativo de función/relación autor.
9 (RLIN) 6926
245 10 - MENCIÓN DEL TÍTULO
Título Química computacional de los alimentos :
Resto del título relaciones cuantitativas estructura-actividad/propiedad (QSAR/QSPR) /
Mención de responsabilidad, etc. por Cristian Rojas y Pablo R. Duchowicz.
264 #1 - PRODUCCIÓN, PUBLICACIÓN, DISTRIBUCIÓN, FABRICACIÓN Y COPYRIGHT
Producción, publicación, distribución, fabricación y copyright Zaragoza :
Nombre del de productor, editor, distribuidor, fabricante Editorial Acribia,
Fecha de producción, publicación, distribución, fabricación o copyright 2021.
300 ## - DESCRIPCIÓN FÍSICA
Extensión 177 páginas :
Otras características físicas ilustraciones, gráficos ;
Dimensiones 24 cm
336 ## - TIPO DE CONTENIDO
Término de tipo de contenido text
Fuente rdacontent
337 ## - TIPO DE MEDIO
Nombre/término del tipo de medio unmediated
Fuente rdamedia
338 ## - TIPO DE SOPORTE
Nombre/término del tipo de soporte volume
Fuente rdacarrier
504 ## - NOTA DE BIBLIOGRAFÍA, ETC.
Nota de bibliografía, etc. Incluye bibliografía e índice alfabético.
505 0# - NOTA DE CONTENIDO CON FORMATO
Nota de contenido con formato Relaciones cuantitativas estructura-actividad/propiedad -- Descriptores moleculares -- Métodos quimiométricos -- Aplicaciones a compuestos orgánicos volátiles -- Modelado computacional de dulzor y amargor -- Análisis de contaminantes -- Validación y reducción de datos -- Desarrollo de modelos in silico.
520 ## - RESUMEN, ETC.
Sumario, etc. Primera obra en español dedicada a las aplicaciones de la química computacional a los alimentos, mediante modelos QSAR/QSPR. Incluye teoría, metodología, aplicaciones prácticas y herramientas para el desarrollo de predicciones sobre propiedades fisicoquímicas, sensoriales y de seguridad alimentaria.
650 10 - PUNTO DE ACCESO ADICIONAL DE MATERIA--TÉRMINO DE MATERIA
Término de materia o nombre geográfico como elemento de entrada Química de los alimentos
Subdivisión general Modelos moleculares.
9 (RLIN) 6927
650 10 - PUNTO DE ACCESO ADICIONAL DE MATERIA--TÉRMINO DE MATERIA
Término de materia o nombre geográfico como elemento de entrada Alimentos
Subdivisión general Análisis computacional.
9 (RLIN) 6928
650 #0 - PUNTO DE ACCESO ADICIONAL DE MATERIA--TÉRMINO DE MATERIA
Término de materia o nombre geográfico como elemento de entrada Quimiometría
Subdivisión general Aplicaciones.
9 (RLIN) 6929
700 ## - ENTRADA AGREGADA--NOMBRE PERSONAL
Nombre de persona Duchowicz, Pablo R.,
Término indicativo de función/relación autor.
9 (RLIN) 6930
710 ## - ENTRADA AGREGADA--NOMBRE DE ENTIDAD CORPORATIVA
Nombre de entidad corporativa o nombre de jurisdicción como elemento de entrada Editorial Acribia,
Término indicativo de función/relación editor.
9 (RLIN) 6931
856 40 - LOCALIZACIÓN Y ACCESO ELECTRÓNICOS
Identificador Uniforme de Recursos <a href="https://www.editorialacribia.com">https://www.editorialacribia.com</a>
Nota pública Sitio web del editor.
942 ## - ELEMENTOS DE ENTRADA SECUNDARIOS (KOHA)
Fuente del sistema de clasificación o colocación Clasificación Decimal Dewey
Tipo de ítem Koha Libros físicos
980 ## - EQUIVALENCIA O REFERENCIA-CRUZADA-MENCIÓN DE SERIE--NOMBRE DE PERSONA/TÍTULO [LOCAL, CANADÁ]
ID del usuario creador del registro 21515
Nombre del creador del registro ROMINA COBOS Adquisiciones
ID del último usuario que modificó el registro 21515
Nombre del último usuario que modificó el registro ROMINA COBOS Adquisiciones
Existencias
Visto por última vez Total de préstamos Signatura topográfica completa Código de barras Copia número Coste, precio de reemplazo Fecha de reemplazo Facultad Tipo de ítem Koha Estado de pérdida Fuente del sistema de clasificación o colocación Restricciones de uso No para préstamo Colección Programa académico Biblioteca de origen Biblioteca actual Ubicación en estantería Fecha de adquisición Fuente de adquisición Coste, precio normal de compra
2025-12-03   664.07 R741q 82751 e1 35.00 2025-09-23 FIA Libros físicos No Perdido Clasificación Decimal Dewey No restringido Disponible para préstamos Colección General Ingeniería de industrias alimentarias Biblioteca CRAI UPeU Lima Biblioteca CRAI UPeU Lima Sala principal 2025-09-19 COMPRA 30.00